| 000 | 00619nam a2200181Ia 4500 | ||
|---|---|---|---|
| 003 | GCL | ||
| 008 | 140319s9999 xx 000 0 ara d | ||
| 040 |
_aGCL / _cGCL |
||
| 082 | 0 | 4 |
_a189 _bس ر |
| 100 | 1 | _aالسيد محمد الشاهد | |
| 245 | 1 | 0 |
_aرحلة الفكر الاسلامى من التأثر الى التأزم / _cالسيد محمد الشاهد |
| 260 |
_a[S.N] : _bدار المنتخب العربى للدراسات والنشر والتوزيع ، _c1994 |
||
| 300 | _a232 ص | ||
| 490 | _a | ||
| 650 | 0 | 4 | _aالفلسفة الاسلامية |
| 650 | 0 | 4 | _aالتفكير |
| 942 |
_2ddc _cBK |
||
| 999 |
_c34338 _d34338 |
||